| 000 | 00502ntaaa2200193 4500 | ||
|---|---|---|---|
| 003 | 01 | ||
| 005 | 20251027202347.0 | ||
| 008 | 0714s1973 ag 01 | ||
| 040 |
_aAR-BaBN _bspa _cAR-BaBN _eaacr _dRIC |
||
| 082 | _a301.1520 H38 | ||
| 100 |
_aHendrix, John _96789 |
||
| 245 | _aConstituyéndose en grupo | ||
| 250 | _a1 ed. | ||
| 260 |
_aEl Paso : _bCasa Bautista de Publicaciones, _c1972 |
||
| 300 | _a110 p | ||
| 500 | _aLa biblioteca lo posee en inglés | ||
| 650 | _agrupos-dinámica | ||
| 942 | _cBK | ||
| 999 |
_c18471 _d18471 |
||